आयुर्वेदः सिद्धान्त, रोग-निदान और उपचार / (Record no. 67753)
[ view plain ]
| 000 -LEADER | |
|---|---|
| fixed length control field | 01090nam a22002537a 4500 |
| 005 - DATE AND TIME OF LATEST TRANSACTION | |
| control field | 20170607141908.0 |
| 008 - FIXED-LENGTH DATA ELEMENTS--GENERAL INFORMATION | |
| fixed length control field | 100603t xxu||||| |||| 00| 0 hin d |
| 020 ## - INTERNATIONAL STANDARD BOOK NUMBER | |
| International Standard Book Number | 8185212872 |
| Terms of availability | |
| 020 ## - INTERNATIONAL STANDARD BOOK NUMBER | |
| International Standard Book Number | 8185212880 |
| 035 ## - SYSTEM CONTROL NUMBER | |
| System control number | B-74609 |
| 037 ## - SOURCE OF ACQUISITION | |
| Source of stock number/acquisition | DBAD / PUB |
| 040 ## - CATALOGING SOURCE | |
| Original cataloging agency | DPL |
| Language of cataloging | HN |
| 082 ## - DEWEY DECIMAL CLASSIFICATION NUMBER | |
| Classification number | 615.52 |
| 100 ## - MAIN ENTRY--PERSONAL NAME | |
| Personal name | अग्रवाल, चमन लाल |
| 9 (RLIN) | 21370 |
| 245 ## - TITLE STATEMENT | |
| Title | आयुर्वेदः सिद्धान्त, रोग-निदान और उपचार / |
| Statement of responsibility, etc | चमन लाल अग्रवाल |
| 246 ## - VARYING FORM OF TITLE | |
| Title proper/short title | |
| Remainder of title | by Chaman Lal Aggarwal |
| 260 ## - PUBLICATION, DISTRIBUTION, ETC. (IMPRINT) | |
| Place of publication, distribution, etc | चण्डीगढ़ |
| Name of publisher, distributor, etc | अरूण पब्लिशिंग हाउस |
| Date of publication, distribution, etc | |
| 270 ## - ADDRESS | |
| Address | 49-51, सैक्टर-17सी |
| City | चण्डीगढ़ |
| Postal code | 160017 |
| Telephone number | 0172 2702318 |
| Electronic mail address | arunpublishing@yahoo.com |
| 300 ## - PHYSICAL DESCRIPTION | |
| Extent | 224पृ |
| Dimensions | 22सेमी (सजिल्द) |
| 650 ## - SUBJECT ADDED ENTRY--TOPICAL TERM | |
| Topical term or geographic name as entry element | विज्ञान |
| General subdivision | धर्म |
| 9 (RLIN) | 21371 |
| 650 ## - SUBJECT ADDED ENTRY--TOPICAL TERM | |
| Topical term or geographic name as entry element | Science |
| Chronological subdivision | Religion |
| 9 (RLIN) | 21372 |
| 700 ## - ADDED ENTRY--PERSONAL NAME | |
| Personal name | अग्रवाल, ऊषा |
| 9 (RLIN) | 21373 |
| 942 ## - ADDED ENTRY ELEMENTS (KOHA) | |
| Source of classification or shelving scheme | Dewey Decimal Classification |
| Item type | Hindi Books |
| Call number suffix | अग्रवा |
| Classification part | 615.52 |
| Withdrawn status | Lost status | Source of classification or shelving scheme | Damaged status | Not for loan | Collection code | Home library | Current library | Date acquired | Total Checkouts | Full call number | Barcode | Date last seen | Koha item type |
|---|---|---|---|---|---|---|---|---|---|---|---|---|---|
| Dewey Decimal Classification | Non-fiction | Sarojini Nagar | Sarojini Nagar | 09/06/2012 | 615.52 अग्रवा | B-74609 | 09/06/2012 | Hindi Books |
